[Event "Dutch Open 2023"]
[Site "Dieren, Netherlands"]
[Date "????.??.??"]
[Round "5.18"]
[White "Van Kuijk, Vadim"]
[Black "Bakija, Alan"]
[Result "1/2-1/2"]
[WhiteElo "1997"]
[BlackElo "2089"]
[PlyCount "82"]

1. e4 e5 2. Nf3 Nc6 3. d4 exd4 4. Nxd4 Nf6 5. Nxc6 bxc6 6. e5 Qe7 7. Qe2 Nd5 8.
h4 f6 9. c4 Ba6 10. exf6 Nxf6 11. b3 Qxe2+ 12. Bxe2 Bb4+ 13. Bd2 c5 14. Bf3 Rb8
15. Nc3 Bb7 16. Bxb7 Rxb7 17. O-O-O Kf7 18. Rh3 Re8 19. Rf3 Kg8 20. Bg5 Bxc3
21. Rxc3 Ne4 22. Re3 c6 23. Rde1 d5 24. f3 h6 25. fxe4 hxg5 26. exd5 Rxe3 27.
Rxe3 cxd5 28. cxd5 gxh4 29. Kc2 Kf7 30. a3 Rd7 31. Rf3+ Ke7 32. Rf5 g6 33. Rf4
Rxd5 34. Rxh4 Rg5 35. Rh7+ Kd6 36. Rxa7 Rxg2+ 37. Kc3 Kd5 38. Rd7+ Kc6 39. Rg7
Rg3+ 40. Kc4 Rg4+ 41. Kc3 Rg3+ 1/2-1/2

[Event "Dutch Open 2023"]
[Site "Dieren, Netherlands"]
[Date "????.??.??"]
[Round "5.19"]
[White "Markus, John Raymond"]
[Black "Shakhverdian, William"]
[Result "0-1"]
[WhiteElo "2001"]
[BlackElo "2129"]
[PlyCount "100"]

1. d4 Nf6 2. Nc3 d5 3. e4 dxe4 4. Bg5 h6 5. Bxf6 exf6 6. Qe2 f5 7. O-O-O Be7 8.
f3 exf3 9. Nxf3 O-O 10. Ne5 Nd7 11. Qf2 Bd6 12. h4 Nb6 13. Bd3 Qf6 14. Nb5 Be6
15. Kb1 a6 16. Nxd6 cxd6 17. Nf3 Rfe8 18. h5 Bc4 19. Qh4 Qe6 20. Qf4 Bxd3 21.
Rxd3 Nd5 22. Qd2 Qe2 23. Qc1 Qe4 24. a3 b5 25. Rdd1 Rac8 26. Rde1 Qf4 27. Qd1
Nf6 28. Rxe8+ Rxe8 29. Re1 Re4 30. Rf1 Qg4 31. Qd2 Nxh5 32. Ka2 Nf4 33. Rf2 Qg3
34. Ne1 g6 35. Nd3 Nxd3 36. cxd3 Re3 37. Rf1 h5 38. Rc1 Kg7 39. Rc8 Qe1 40. Qc2
Re8 41. d5 Rxc8 42. Qxc8 Qe5 43. Qc6 h4 44. d4 Qg3 45. Qxa6 f4 46. Qxd6 f3 47.
Qe7 fxg2 48. d6 g1=Q 49. d7 Qxd4 50. d8=Q Qc4+ 0-1

[Event "Dutch Open 2023"]
[Site "Dieren, Netherlands"]
[Date "????.??.??"]
[Round "5.20"]
[White "Boersma, Jan"]
[Black "Bus, Tom"]
[Result "1/2-1/2"]
[WhiteElo "1988"]
[BlackElo "2100"]
[PlyCount "22"]

1. e4 c5 2. Nc3 a6 3. g3 b5 4. Bg2 Bb7 5. d3 e6 6. Nh3 h5 7. O-O Nc6 8. f4 Nd4
9. Ne2 Nf6 10. c3 Nxe2+ 11. Qxe2 Qc7 1/2-1/2

[Event "Dutch Open 2023"]
[Site "Dieren, Netherlands"]
[Date "????.??.??"]
[Round "5.21"]
[White "Boesel, Alexander"]
[Black "Brouwer, Mason"]
[Result "0-1"]
[WhiteElo "2002"]
[BlackElo "1990"]
[PlyCount "94"]

1. e4 e6 2. d4 d5 3. Nd2 Be7 4. Ngf3 Nf6 5. e5 Nfd7 6. c4 dxc4 7. Bxc4 Nb6 8.
Bd3 Nc6 9. Ne4 a5 10. O-O a4 11. Bc2 Nb4 12. Bb1 h6 13. a3 N4d5 14. Qd3 Bd7 15.
Nfd2 Nf4 16. Qf3 Ng6 17. Rd1 Bc6 18. Nf1 Nc4 19. Nfg3 Na5 20. Nh5 Qd5 21. Nxg7+
Kf8 22. Nh5 Nb3 23. Ra2 Nxc1 24. Rxc1 Qxd4 25. Ra1 Nxe5 26. Qe2 Rd8 27. Re1 Nd3
28. Bxd3 Qxd3 29. Qg4 Rg8 30. Qf4 Bxe4 31. Rxe4 Qd1+ 32. Re1 Qxh5 33. Qxc7 Qg5
34. Qxb7 Rd5 35. Qa8+ Kg7 36. Qxa4 Bf6 37. Rab1 Rd2 38. Re4 Kh7 39. g3 Qf5 40.
Rf1 Rxb2 41. Rf4 Qg6 42. Qa6 Be5 43. Rf3 Kg7 44. Qa7 Rd8 45. Kg2 Rdd2 46. Qe7
Bf6 47. Qe8 Qe4 0-1

[Event "Dutch Open 2023"]
[Site "Dieren, Netherlands"]
[Date "????.??.??"]
[Round "5.22"]
[White "Binnendijk, Ferdinand"]
[Black "Kools, Thomas"]
[Result "0-1"]
[WhiteElo "2112"]
[BlackElo "2112"]
[PlyCount "86"]

1. d4 d5 2. c4 e6 3. Nf3 c6 4. e3 Nf6 5. Nbd2 Nbd7 6. b3 Bd6 7. Bb2 O-O 8. Bd3
b6 9. Qe2 Bb7 10. O-O c5 11. cxd5 Nxd5 12. Ne4 Be7 13. Ng3 Nb4 14. Bb5 a6 15.
Bxd7 Qxd7 16. dxc5 Bxc5 17. Ne5 Qe7 18. a3 Nc6 19. b4 Bd6 20. Nxc6 Bxc6 21.
Rfc1 Rfc8 22. Qg4 f6 23. Bd4 Rab8 24. e4 a5 25. Nh5 Kh8 26. bxa5 bxa5 27. Rc3
Bd7 28. Rxc8+ Rxc8 29. e5 fxe5 30. Bb6 a4 31. h4 Rb8 32. Be3 Be8 33. Ng3 Bxa3
34. Rxa3 Qxa3 35. Qxe6 Qb2 36. Qe7 Bc6 37. Kh2 Qb4 38. Bc5 Qg4 39. f3 Qf4 40.
Kh3 Qf6 41. Qc7 Ra8 42. Bd6 Qe6+ 43. Kh2 Qd7 0-1

[Event "Dutch Open 2023"]
[Site "Dieren, Netherlands"]
[Date "????.??.??"]
[Round "6.1"]
[White "Schoppen, Casper"]
[Black "Warmerdam, Max"]
[Result "0-1"]
[WhiteElo "2498"]
[BlackElo "2607"]
[PlyCount "64"]

1. e4 e5 2. Nf3 Nc6 3. Bb5 a6 4. Ba4 Nf6 5. O-O Be7 6. Re1 b5 7. Bb3 d6 8. c3
O-O 9. h3 Bb7 10. d4 Re8 11. Nbd2 Bf8 12. Bc2 g6 13. d5 Nb8 14. b3 c6 15. c4 a5
16. Rb1 Ba6 17. Nh2 Qc7 18. Ng4 Nbd7 19. Ba3 cxd5 20. cxd5 Nxg4 21. hxg4 b4 22.
Bb2 Rec8 23. Rc1 Nc5 24. Nf3 Qd7 25. g5 h6 26. Qd2 Qg4 27. gxh6 Qh5 28. Ra1
Bxh6 29. Qd1 Kg7 30. g3 Qh3 31. Nh4 Bg5 32. Bc1 f6 0-1

[Event "Dutch Open 2023"]
[Site "Dieren, Netherlands"]
[Date "????.??.??"]
[Round "6.2"]
[White "De Winter, Arthur"]
[Black "Beukema, Stefan"]
[Result "1-0"]
[WhiteElo "2378"]
[BlackElo "2435"]
[PlyCount "151"]

1. e4 e5 2. Nf3 Nc6 3. Bb5 a6 4. Ba4 Nf6 5. O-O Be7 6. d3 b5 7. Bb3 d6 8. a3
O-O 9. Nc3 Bg4 10. Be3 Nd4 11. Bxd4 exd4 12. Nd5 c5 13. a4 Rc8 14. axb5 axb5
15. Ra7 Nxd5 16. Bxd5 Rc7 17. Ra5 Qd7 18. h3 Be6 19. Bxe6 fxe6 20. Qd2 Ra7 21.
Rfa1 Rfa8 22. Rxa7 Rxa7 23. Qe1 e5 24. c3 Qb7 25. Rb1 Bf6 26. Qd1 c4 27. cxd4
exd4 28. Rc1 c3 29. bxc3 dxc3 30. Qb3+ Kh8 31. e5 dxe5 32. Qxc3 h6 33. Qc5 Qb8
34. Rb1 Rb7 35. Nd2 Be7 36. Qd5 b4 37. Nc4 Bf6 38. Qe4 b3 39. Nd6 Rb4 40. Nf7+
Kg8 41. Qg6 Qc7 42. Nxh6+ Kf8 43. Qh7 b2 44. Qg8+ Ke7 45. Nf5+ Kd7 46. Qd5+ Kc8
47. Nd6+ Kb8 48. Nc4 e4 49. Qxe4 Ka7 50. Qe1 Qc5 51. Qe2 Ra4 52. Qd1 Ra2 53. g3
Bd4 54. Kh2 Qf5 55. Qc2 Qf3 56. Nxb2 Bxf2 57. Qc7+ Ka8 58. Qxg7 Bb6 59. h4 Ra3
60. Nc4 Ra2+ 61. Rb2 Rxb2+ 62. Qxb2 Bf2 63. Qe5 Qxd3 64. Qe8+ Kb7 65. Qf7+ Kc8
66. Qxf2 Qxc4 67. Qf5+ Kd8 68. h5 Qe2+ 69. Kh3 Qd2 70. Kg4 Ke8 71. Qe5+ Kd7 72.
Kf5 Qh6 73. g4 Qh7+ 74. Kg5 Qg8+ 75. Kh6 Kc6 76. Qf6+ 1-0

[Event "Dutch Open 2023"]
[Site "Dieren, Netherlands"]
[Date "????.??.??"]
[Round "6.3"]
[White "Prraneeth Vuppala"]
[Black "Sankalp Gupta"]
[Result "1-0"]
[WhiteElo "2486"]
[BlackElo "2497"]
[PlyCount "71"]

1. d4 e6 2. c4 f5 3. Nf3 Nf6 4. g3 c6 5. Bg2 d5 6. O-O Bd6 7. b3 Qe7 8. Ne5 O-O
9. Nd2 b6 10. cxd5 exd5 11. Ndf3 Ne4 12. Bb2 Bb7 13. Rc1 a5 14. Qc2 c5 15. Rfd1
Na6 16. e3 Nc7 17. Nh4 g5 18. Nxf5 Rxf5 19. f3 cxd4 20. Ng4 Qe6 21. fxe4 dxe4
22. Rxd4 Rc5 23. Qd1 Rxc1 24. Qxc1 h5 25. Qc3 Ne8 26. Rxd6 Qxd6 27. Qh8+ Kf7
28. Qh7+ Ke6 29. Qxb7 Qd5 30. Qxb6+ Nd6 31. Nf2 Rf8 32. Ba3 g4 33. Bxe4 Qd2 34.
Qxd6+ Qxd6 35. Bxd6 Kxd6 36. Bg6 1-0

[Event "Dutch Open 2023"]
[Site "Dieren, Netherlands"]
[Date "????.??.??"]
[Round "6.4"]
[White "Hendriks, Willy"]
[Black "Zwirs, Nico"]
[Result "0-1"]
[WhiteElo "2420"]
[BlackElo "2443"]
[PlyCount "60"]

1. e4 e5 2. Bc4 Nf6 3. d3 Bc5 4. Nf3 Nc6 5. O-O d6 6. c3 O-O 7. Bb3 a6 8. Bg5
Ba7 9. Nbd2 h6 10. Bh4 g5 11. Nxg5 hxg5 12. Bxg5 Kg7 13. Qf3 Be6 14. Bd5 Rh8
15. Nc4 Kg6 16. h4 Rh5 17. Ne3 Rxg5 18. hxg5 Nh7 19. Bxe6 fxe6 20. Qh3 Nxg5 21.
Qg3 d5 22. exd5 exd5 23. Rae1 Qd6 24. Ng4 e4 25. Qh4 Nf7 26. Ne3 Rh8 27. Qg4+
Kf6 28. g3 Qe6 29. Qf4+ Kg6 30. Ng2 Ng5 0-1

[Event "Dutch Open 2023"]
[Site "Dieren, Netherlands"]
[Date "????.??.??"]
[Round "6.5"]
[White "Hausrath, Daniel"]
[Black "Van Delft, Merijn"]
[Result "1/2-1/2"]
[WhiteElo "2442"]
[BlackElo "2369"]
[PlyCount "88"]

1. Nf3 g6 2. g3 Bg7 3. d4 Nf6 4. Bg2 O-O 5. O-O d6 6. a4 a5 7. Re1 Nbd7 8. e4
e5 9. dxe5 dxe5 10. Nc3 Re8 11. Be3 h6 12. Nd2 b6 13. Nc4 Bb7 14. h3 Kh7 15.
Qd2 Qe7 16. Rad1 Rab8 17. b3 Ba8 18. Nd5 Nxd5 19. exd5 Qd8 20. d6 c6 21. f4 e4
22. f5 b5 23. fxg6+ fxg6 24. Nxa5 Re5 25. b4 bxa4 26. c4 c5 27. b5 Qb6 28. Rf1
Rf8 29. Rxf8 Bxf8 30. Rf1 Rf5 31. Ra1 Rf6 32. Rxa4 Rxd6 33. Qf2 Rf6 34. Qd2 Ne5
35. Nb3 Bb7 36. Kh1 g5 37. Qc3 Nd3 38. Nc1 Nf4 39. Ra7 Nxg2 40. Rxb7+ Qxb7 41.
Qxf6 Nxe3 42. Qxf8 Qd7 43. Qf2 Nxc4 44. g4 Qxb5 1/2-1/2

[Event "Dutch Open 2023"]
[Site "Dieren, Netherlands"]
[Date "????.??.??"]
[Round "6.6"]
[White "De Boer, Eelke"]
[Black "Sidhant, Mohapatra"]
[Result "0-1"]
[WhiteElo "2270"]
[BlackElo "2419"]
[PlyCount "134"]

1. d4 Nf6 2. c4 e6 3. g3 d5 4. Nf3 dxc4 5. Bg2 c5 6. O-O Nc6 7. dxc5 Qxd1 8.
Rxd1 Bxc5 9. Nbd2 c3 10. bxc3 O-O 11. Nb3 Be7 12. c4 Bd7 13. Nfd4 Rac8 14. Bf4
Nxd4 15. Rxd4 Bc6 16. Rad1 b6 17. Be5 a5 18. Bd6 Bxd6 19. Rxd6 Bxg2 20. Kxg2
Rxc4 21. Rxb6 Nd5 22. Rb7 a4 23. Rd4 Rxd4 24. Nxd4 Rc8 25. Nb5 h6 26. Ra7 Rc2
27. Rxa4 Rxe2 28. Nd6 f5 29. Kf3 Rc2 30. Ra8+ Kh7 31. Re8 Rxa2 32. h3 Ra3+ 33.
Kg2 f4 34. Rf8 fxg3 35. fxg3 Nf6 36. Rc8 Kg6 37. Nc4 Rb3 38. Rc6 Kf5 39. Nd6+
Ke5 40. Nf7+ Kf5 41. Nd6+ Kg5 42. Nc4 Ne4 43. Rxe6 Nxg3 44. Re3 Rxe3 45. Nxe3
Nh5 46. Kh2 Kf4 47. Nd5+ Kf3 48. Ne7 Ng3 49. Ng6 Nf1+ 50. Kg1 Ne3 51. Kh2 Kf2
52. Ne7 h5 53. h4 Kf3 54. Kh3 Ng2 55. Nf5 Nf4+ 56. Kh2 g6 57. Nh6 Nd3 58. Nf7
Kg4 59. Kg2 Kxh4 60. Kf3 g5 61. Ke3 Nf4 62. Kf3 Nh3 63. Nd6 g4+ 64. Ke4 Kg3 65.
Ke3 Kh2 66. Nf5 g3 67. Ke4 g2 0-1

[Event "Dutch Open 2023"]
[Site "Dieren, Netherlands"]
[Date "????.??.??"]
[Round "6.7"]
[White "Van den Doel, Erik"]
[Black "Beerdsen, Thomas"]
[Result "0-1"]
[WhiteElo "2576"]
[BlackElo "2520"]
[PlyCount "98"]

1. e4 c5 2. Nf3 e6 3. a3 Nc6 4. Bb5 Nge7 5. O-O a6 6. Be2 d5 7. exd5 Qxd5 8. b4
Nf5 9. c3 Bd7 10. d3 Be7 11. Nbd2 O-O 12. Nc4 Rad8 13. Bf4 cxb4 14. axb4 Be8
15. Nb6 Qb5 16. Bc7 Nh4 17. Nxh4 Bxh4 18. d4 Qg5 19. Bf3 Qe7 20. Bxd8 Qxd8 21.
Na4 a5 22. d5 exd5 23. bxa5 Qxa5 24. Qxd5 b5 25. Nc5 Qxc3 26. Ne4 Qd4 27. Nd6
Bxf2+ 28. Kh1 Nb4 29. Qxd4 Bxd4 30. Ra8 Bd7 31. Rxf8+ Kxf8 32. Rd1 Bb6 33. Nxf7
Bf5 34. Nd6 Nd3 35. Rf1 Bd7 36. Bc6+ Ke7 37. Bxd7 Kxd6 38. Rd1 Kxd7 39. Rxd3+
Kc6 40. g4 b4 41. Kg2 Kb5 42. Kf3 Kc4 43. Rd1 b3 44. Rc1+ Kd3 45. Rd1+ Kc2 46.
Ke2 b2 47. Rd2+ Kb3 48. Rd1 Ka2 49. Rd2 Ka1 0-1

[Event "Dutch Open 2023"]
[Site "Dieren, Netherlands"]
[Date "????.??.??"]
[Round "6.8"]
[White "Evengroen, Jan"]
[Black "Labruyere, Roger"]
[Result "1-0"]
[WhiteElo "2112"]
[BlackElo "2191"]
[PlyCount "81"]

1. e4 c5 2. Nf3 d6 3. d4 cxd4 4. Nxd4 Nf6 5. Nc3 a6 6. Be3 e6 7. f3 b5 8. Qd2
Bb7 9. g4 h6 10. h4 d5 11. e5 Nfd7 12. f4 h5 13. f5 Nxe5 14. fxe6 fxe6 15.
O-O-O Qd7 16. gxh5 b4 17. Nce2 Nc4 18. Qd3 Ne5 19. Qd2 Nbc6 20. Bh3 Nc4 21. Qe1
Nxe3 22. Bxe6 Qd6 23. Qf2 Be7 24. Qxe3 Qe5 25. Qh3 Nxd4 26. Nxd4 Kd8 27. Bxd5
Kc7 28. Ne6+ Kb8 29. Bxb7 Bf6 30. Qb3 Kxb7 31. Rd7+ Kc8 32. Rc7+ Kb8 33. Rc5
Qe4 34. Qg3+ Ka7 35. Qc7+ Qb7 36. Rd1 Rae8 37. Rd7 Qxc7 38. Rcxc7+ Ka8 39. Ra7+
Kb8 40. Rdb7+ Kc8 41. Nc5 1-0

[Event "Dutch Open 2023"]
[Site "Dieren, Netherlands"]
[Date "????.??.??"]
[Round "6.9"]
[White "Baselmans, Luuk"]
[Black "Maatman, Nick"]
[Result "1/2-1/2"]
[WhiteElo "2338"]
[BlackElo "2362"]
[PlyCount "108"]

1. e4 c5 2. Nf3 Nc6 3. Bb5 Nf6 4. Nc3 Nd4 5. Bd3 d6 6. Nxd4 cxd4 7. Ne2 e5 8.
c3 dxc3 9. dxc3 Be7 10. c4 O-O 11. O-O Nd7 12. Nc3 Nc5 13. Bc2 Be6 14. Qe2 Rc8
15. Be3 Bg5 16. b3 a6 17. Rad1 Rc6 18. Nd5 Bxe3 19. Nxe3 Qa5 20. f4 exf4 21.
Nd5 Bxd5 22. exd5 Rcc8 23. Rxf4 g6 24. h4 Rce8 25. Qf2 Nd7 26. h5 Re5 27. Rf1
Qc5 28. Qxc5 dxc5 29. hxg6 hxg6 30. g4 Kg7 31. a3 Re3 32. R4f3 Rxf3 33. Rxf3
Re8 34. b4 Re1+ 35. Rf1 Rxf1+ 36. Kxf1 b6 37. Bd1 Kf6 38. Kf2 Ke5 39. Ke3 a5
40. Ba4 Nf6 41. bxa5 bxa5 42. Bd1 Ne4 43. Bc2 Nd6 44. Bd3 g5 45. Be2 f5 46.
gxf5 Kxf5 47. Kf3 g4+ 48. Ke3 Kg5 49. Bf1 Kh4 50. Kf4 g3 51. Kf3 Nf7 52. Kf4
Nd6 53. Kf3 Nf7 54. Kf4 Nd6 1/2-1/2

[Event "Dutch Open 2023"]
[Site "Dieren, Netherlands"]
[Date "????.??.??"]
[Round "6.10"]
[White "Op den Dries, Johan"]
[Black "Pham, Khoi"]
[Result "0-1"]
[WhiteElo "2093"]
[BlackElo "2361"]
[PlyCount "182"]

1. d4 Nf6 2. Nc3 d5 3. Bf4 e6 4. e3 Bb4 5. Bd3 c5 6. dxc5 Nbd7 7. Nf3 O-O 8.
O-O Nxc5 9. a3 Bxc3 10. bxc3 b6 11. Bg5 Bb7 12. Ne5 Nce4 13. Bxe4 dxe4 14. Bxf6
Qxd1 15. Rfxd1 gxf6 16. Nd7 Rfc8 17. Nxf6+ Kg7 18. Nh5+ Kf8 19. Rd7 Bc6 20. Rd4
Ke7 21. Rad1 Be8 22. Rxe4 Rxc3 23. Ng3 Bc6 24. Rh4 Rxc2 25. h3 b5 26. Rxh7 a5
27. Rh4 Rb8 28. Rb1 Rd8 29. Rd4 Rxd4 30. exd4 Rd2 31. h4 Rxd4 32. h5 f5 33. Rc1
Kd6 34. f3 Rh4 35. Kf2 f4 36. Ne2 e5 37. Rd1+ Kc5 38. Nc1 Bd5 39. g4 fxg3+ 40.
Kxg3 Rxh5 41. Kg4 Rh8 42. Nd3+ Kd6 43. f4 e4 44. Ne5 Rg8+ 45. Kf5 Rf8+ 46. Kg5
Ke6 47. Rb1 e3 48. Re1 Be4 49. Rxe3 Rg8+ 50. Kh6 Kf5 51. Rb3 Rb8 52. Nc4 Kxf4
53. Nxa5 Ra8 54. Rxb5 Ra7 55. Nb7 Bxb7 56. Kg6 Be4+ 57. Kf6 Rxa3 58. Rb6 Rh3
59. Rb4 Rh6+ 60. Kg7 Rd6 61. Kf7 Ke5 62. Ke7 Rh6 63. Rb5+ Bd5 64. Kf8 Rh7 65.
Rb1 Be6 66. Re1+ Kf6 67. Rf1+ Bf5 68. Rg1 Rh8+ 69. Rg8 Rh1 70. Rg2 Rc1 71. Re2
Rc7 72. Re1 Ra7 73. Re2 Be6 74. Rf2+ Ke5 75. Re2+ Kd6 76. Rd2+ Bd5 77. Rf2 Ra8+
78. Kg7 Rg8+ 79. Kh7 Rg4 80. Re2 Be4+ 81. Kh6 Ke5 82. Rb2 Rg6+ 83. Kh5 Rg1 84.
Rf2 Bf5 85. Rb2 Kf4 86. Rb4+ Be4 87. Kh6 Rg6+ 88. Kh5 Ra6 89. Rd4 Ra5+ 90. Kh6
Ra7 91. Kh5 Rh7# 0-1

[Event "Dutch Open 2023"]
[Site "Dieren, Netherlands"]
[Date "????.??.??"]
[Round "6.11"]
[White "Vos, Tjark"]
[Black "Van Foreest, Machteld"]
[Result "0-1"]
[WhiteElo "2178"]
[BlackElo "2291"]
[PlyCount "118"]

1. Nf3 Nf6 2. g3 d5 3. Bg2 Bf5 4. O-O e6 5. c4 c6 6. d4 h6 7. Nc3 Nbd7 8. Nd2
Be7 9. e4 dxe4 10. Ndxe4 O-O 11. Bf4 Qb6 12. c5 Qa5 13. b4 Qxb4 14. Rb1 Qc4 15.
Rxb7 Rfd8 16. Qb3 Qxb3 17. axb3 Nd5 18. Nxd5 exd5 19. Nd6 Be6 20. Ra1 Bf6 21.
Ra4 Rdb8 22. Kf1 a6 23. Ke2 g5 24. Be3 Rxb7 25. Nxb7 Rb8 26. Na5 Rc8 27. Kd2
Nb8 28. Bf1 Kf8 29. Kc3 Rc7 30. Rb4 Rc8 31. Kd2 Bd8 32. Nb7 Bc7 33. Ra4 f5 34.
Kc3 f4 35. Bd2 fxg3 36. hxg3 Ke7 37. Bxa6 Rf8 38. Bd3 Rxf2 39. Ra8 Bxg3 40. Nd6
Rf8 41. Kc2 Nd7 42. Ra6 Rf2 43. Kc3 Bxd6 44. cxd6+ Kxd6 45. b4 Bf5 46. Bxf5
Rxf5 47. Kd3 Rf3+ 48. Kc2 Nb8 49. Ra7 Rh3 50. Rh7 Rh4 51. Be1 Rh2+ 52. Kd3 Rh3+
53. Ke2 Nd7 54. Bd2 Rh4 55. Be1 Rh3 56. Bd2 Nf6 57. Rh8 Ne4 58. Be3 h5 59. Rg8
Rg3 0-1

[Event "Dutch Open 2023"]
[Site "Dieren, Netherlands"]
[Date "????.??.??"]
[Round "6.12"]
[White "Decrop, Hendrik"]
[Black "Slagboom, Leandro"]
[Result "0-1"]
[WhiteElo "2033"]
[BlackElo "2270"]
[PlyCount "72"]

1. e4 e6 2. d4 d5 3. Nd2 c5 4. Ngf3 cxd4 5. Nxd4 Nc6 6. Bb5 Bd7 7. Nxc6 bxc6 8.
Bd3 Qc7 9. Qe2 Ne7 10. O-O Ng6 11. Nf3 Be7 12. c4 dxe4 13. Bxe4 f5 14. Bc2 e5
15. Re1 e4 16. Ng5 Nf4 17. Bxf4 Qxf4 18. Nh3 Qe5 19. Rad1 O-O-O 20. c5 Bxc5 21.
Qa6+ Kb8 22. Rd3 Bb6 23. Rb3 Bc8 24. Qe2 Be6 25. Rc3 Bd5 26. Ba4 Kb7 27. Rec1
Rd6 28. b4 f4 29. b5 c5 30. Bb3 Rhd8 31. g3 g5 32. Qh5 Bxb3 33. gxf4 Qg7 34.
axb3 gxf4+ 35. Kf1 f3 36. Ke1 Qxc3+ 0-1

[Event "Dutch Open 2023"]
[Site "Dieren, Netherlands"]
[Date "????.??.??"]
[Round "6.13"]
[White "Duijker, Rick"]
[Black "Koster, Chiel"]
[Result "1-0"]
[WhiteElo "2198"]
[BlackElo "2052"]
[PlyCount "85"]

1. g3 c5 2. Nf3 Nc6 3. Bg2 e5 4. d3 d6 5. O-O Nge7 6. c4 g6 7. Nc3 Bg7 8. Ne1
O-O 9. Nc2 Be6 10. Ne3 Qd7 11. Ned5 f5 12. Bg5 Nc8 13. Bd2 h6 14. e3 Rb8 15. a3
a6 16. b4 b5 17. cxb5 axb5 18. Rb1 c4 19. dxc4 bxc4 20. Qe2 e4 21. Qxc4 Ne5 22.
Qc7 Qxc7 23. Nxc7 Bc4 24. Rfc1 Nb6 25. b5 Rbc8 26. Na6 Bd3 27. Ra1 d5 28. Nb4
Nec4 29. Be1 d4 30. exd4 Bxd4 31. Nc6 Bf6 32. a4 Nd6 33. Bf1 Nbc4 34. Ra2 Rfe8
35. Nd5 Kf7 36. Nxf6 Kxf6 37. Bc3+ Kf7 38. Bd4 Bxf1 39. Kxf1 g5 40. Rac2 Ke6
41. Rxc4 Nxc4 42. Rxc4 Kd5 43. Rc5+ 1-0

[Event "Dutch Open 2023"]
[Site "Dieren, Netherlands"]
[Date "????.??.??"]
[Round "6.14"]
[White "Bollen, Guus"]
[Black "Schuricht, Emil Frederick"]
[Result "1-0"]
[WhiteElo "2183"]
[BlackElo "2018"]
[PlyCount "93"]

1. e4 c6 2. d4 d5 3. f3 dxe4 4. fxe4 e5 5. Nf3 Bg4 6. c3 Nd7 7. Bd3 Bd6 8. O-O
Ngf6 9. Na3 b5 10. Nc2 O-O 11. a4 a6 12. Ne3 Be6 13. Ng5 Kh8 14. d5 cxd5 15.
exd5 Nxd5 16. Nxd5 Bxd5 17. Nxh7 Qh4 18. Bg5 Bc5+ 19. Kh1 Qh3 20. Qc2 e4 21.
Bc4 bxc4 22. gxh3 e3+ 23. Kg1 e2+ 24. Rf2 Rfe8 25. Re1 Ne5 26. Rexe2 Nd3 27.
Nf6 gxf6 28. Bxf6+ Kh7 29. Bd4 Bxd4 30. cxd4 Rg8+ 31. Kf1 Rg6 32. Rf5 Be6 33.
Rh5+ Kg7 34. Rg2 Nf4 35. Rxg6+ fxg6 36. Qe4 Rf8 37. Qe5+ Rf6 38. Rh7+ Kxh7 39.
Qxf6 Bxh3+ 40. Kg1 Bf5 41. Qh4+ Nh5 42. d5 Kg7 43. Qe7+ Kh6 44. d6 Nf4 45. h4
Nd5 46. Qe5 Nb6 47. Qh8# 1-0

[Event "Dutch Open 2023"]
[Site "Dieren, Netherlands"]
[Date "????.??.??"]
[Round "6.15"]
[White "De Jong, Tom"]
[Black "Noordenbos, Daan"]
[Result "1/2-1/2"]
[WhiteElo "2176"]
[BlackElo "2077"]
[PlyCount "46"]

1. e4 e6 2. d4 d5 3. e5 c5 4. c3 Nc6 5. Nf3 Qb6 6. Be2 cxd4 7. cxd4 Nh6 8. Bxh6
Qxb2 9. Nbd2 gxh6 10. O-O Bd7 11. Rb1 Qxa2 12. Rxb7 Rb8 13. Rxb8+ Nxb8 14. Nb3
Ba4 15. Qc1 Nc6 16. Nbd2 a5 17. h4 Bb4 18. Bd3 Kd7 19. Qa1 Bb3 20. Nxb3 Qxb3
21. Bb5 Rb8 22. Ba4 Qa3 23. Qd1 Qa2 1/2-1/2

[Event "Dutch Open 2023"]
[Site "Dieren, Netherlands"]
[Date "????.??.??"]
[Round "6.16"]
[White "Shakhverdian, William"]
[Black "Van Kuijk, Vadim"]
[Result "1/2-1/2"]
[WhiteElo "2129"]
[BlackElo "1997"]
[PlyCount "75"]

1. Nf3 d5 2. g3 g6 3. Bg2 Bg7 4. d4 c6 5. O-O Nf6 6. b3 c5 7. c3 cxd4 8. cxd4
O-O 9. Bb2 Nc6 10. Nbd2 Bf5 11. Ne5 Nxe5 12. dxe5 Ng4 13. Nf3 Be4 14. Re1 Qb8
15. h3 Nxe5 16. Qd2 Nc6 17. Bxg7 Kxg7 18. Qb2+ e5 19. b4 f6 20. Rac1 Qd6 21. a3
Rac8 22. h4 Rc7 23. h5 g5 24. Red1 Rd8 25. b5 Na5 26. Rxc7+ Qxc7 27. Nxg5 fxg5
28. Bxe4 dxe4 29. Rxd8 Qxd8 30. Qxe5+ Qf6 31. Qc7+ Kh6 32. Qxa5 e3 33. fxe3 Qe5
34. Kf2 Qf5+ 35. Ke1 Qb1+ 36. Kf2 Qf5+ 37. Kg1 Qb1+ 38. Kf2 1/2-1/2

[Event "Dutch Open 2023"]
[Site "Dieren, Netherlands"]
[Date "????.??.??"]
[Round "6.18"]
[White "Weidemann, Jakob"]
[Black "Brouwer, Mason"]
[Result "1-0"]
[WhiteElo "2114"]
[BlackElo "1990"]
[PlyCount "105"]

1. Nf3 c5 2. g3 Nc6 3. c4 e5 4. d3 Nge7 5. Nc3 g6 6. Bg2 Bg7 7. O-O d6 8. a3
O-O 9. Rb1 a5 10. Ne1 Be6 11. Nc2 d5 12. cxd5 Nxd5 13. Nxd5 Bxd5 14. Bxd5 Qxd5
15. b4 cxb4 16. axb4 a4 17. b5 Nd4 18. Ne3 Qc5 19. Nc4 Nxb5 20. Be3 Qc6 21. Rc1
Nd4 22. Nxe5 Qd5 23. Nc4 Ra6 24. Bxd4 Bxd4 25. e3 Bg7 26. Rb1 a3 27. Rb6 Rxb6
28. Nxb6 Qc6 29. Qb3 a2 30. d4 Rd8 31. Ra1 Rd6 32. Nc4 Qd5 33. Rxa2 Bxd4 34.
exd4 Rc6 35. Qxb7 Qxc4 36. Ra8+ Kg7 37. Qe7 Qd5 38. Qf8+ Kf6 39. Qh8+ Kf5 40.
Ra1 h5 41. Qe8 Rc4 42. Rd1 Rxd4 43. Rxd4 Qxd4 44. Qxf7+ Kg5 45. h4+ Kh6 46.
Qf4+ Qxf4 47. gxf4 Kg7 48. Kf1 Kf6 49. Ke2 Ke6 50. Ke3 Kf5 51. Kf3 Kf6 52. Ke4
Ke6 53. f5+ 1-0

[Event "Dutch Open 2023"]
[Site "Dieren, Netherlands"]
[Date "????.??.??"]
[Round "6.19"]
[White "Kools, Thomas"]
[Black "Bus, Tom"]
[Result "0-1"]
[WhiteElo "2112"]
[BlackElo "2100"]
[PlyCount "80"]

1. e4 c5 2. Nf3 d6 3. d4 cxd4 4. Nxd4 Nf6 5. Nc3 g6 6. Be3 Bg7 7. f3 Nc6 8. Qd2
O-O 9. O-O-O d5 10. exd5 Nxd5 11. Nxc6 bxc6 12. Bd4 Bxd4 13. Qxd4 Qb6 14. Nxd5
cxd5 15. Qxd5 Be6 16. Qb5 Qe3+ 17. Kb1 Rab8 18. Qa5 Rb6 19. Rd3 Qf4 20. Qd2 Qb8
21. b3 Bf5 22. Rd4 Rc8 23. Bd3 Bxd3 24. Rxd3 Rbc6 25. c3 a5 26. g3 a4 27. Kb2
Rb6 28. Qc2 Qa8 29. Rhd1 axb3 30. axb3 Ra6 31. Qb1 Kg7 32. c4 h5 33. Rc1 Qa7
34. Rc2 Ra8 35. Qd1 Ra2+ 36. Kc3 Qa5+ 37. Kd4 Ra1 38. Qe2 Re1 39. b4 Rd8+ 40.
Kc3 Qa1+ 0-1

[Event "Dutch Open 2023"]
[Site "Dieren, Netherlands"]
[Date "????.??.??"]
[Round "6.20"]
[White "Ritzerveld, Noah"]
[Black "Boersma, Jan"]
[Result "1/2-1/2"]
[WhiteElo "2007"]
[BlackElo "1988"]
[PlyCount "56"]

1. e4 c5 2. Nf3 g6 3. d4 cxd4 4. Nxd4 Nc6 5. c4 Bg7 6. Be3 Qb6 7. Nb3 Qd8 8.
Nc3 d6 9. Be2 Nf6 10. f3 O-O 11. Qd2 Be6 12. O-O Na5 13. Nxa5 Qxa5 14. Rab1
Rfc8 15. b4 Qd8 16. Nd5 Bxd5 17. exd5 Qd7 18. Rfd1 b6 19. c5 dxc5 20. bxc5 bxc5
21. Bb5 Qf5 22. Bc6 Rab8 23. Rxb8 Rxb8 24. Bxc5 Nd7 25. Bd4 Ne5 26. Bxa7 Rb2
27. Qc1 Rxa2 28. d6 exd6 1/2-1/2

[Event "Dutch Open 2023"]
[Site "Dieren, Netherlands"]
[Date "????.??.??"]
[Round "6.21"]
[White "Kurt, Sascha"]
[Black "Boesel, Alexander"]
[Result "1/2-1/2"]
[WhiteElo "1986"]
[BlackElo "2002"]
[PlyCount "158"]

1. e4 c5 2. a3 g6 3. Bc4 Bg7 4. Nc3 e6 5. Ba2 Nc6 6. d3 Nge7 7. h4 h5 8. Bg5
Nd4 9. Qd2 d6 10. Nge2 Bd7 11. O-O Qc7 12. Bxe7 Kxe7 13. f4 Bh6 14. Rae1 Bc6
15. Nd5+ Bxd5 16. exd5 e5 17. Nxd4 cxd4 18. Qb4 f6 19. Qxd4 Qb6 20. Qxb6 axb6
21. fxe5 fxe5 22. g3 Rhf8 23. Bc4 Bd2 24. Rd1 Be3+ 25. Kg2 Rf5 26. Rde1 Bd2 27.
Re2 Rxf1 28. Kxf1 Rf8+ 29. Kg2 Bc1 30. c3 g5 31. hxg5 Bxg5 32. d4 Bf6 33. dxe5
Bxe5 34. Re3 Kd8 35. Be2 Rf5 36. Rf3 Rg5 37. Kh3 Ke7 38. Bd3 Rg7 39. Bf5 Kd8
40. Be6 Ke8 41. Kh4 Ke7 42. a4 Ke8 43. b3 Ke7 44. Re3 Kd8 45. c4 Ke7 46. Bc8
Kd8 47. Bf5 Rg8 48. Bd3 Rg4+ 49. Kh3 Rg5 50. Be2 Rf5 51. Rf3 Rg5 52. Bd3 Ke7
53. Bf5 Rg7 54. Kh4 Kd8 55. Re3 Rg8 56. Be6 Rg7 57. Bh3 Rg8 58. Bf5 Rg7 59. Be6
Ke7 60. Kxh5 Rxg3 61. Rxg3 Bxg3 62. Bc8 Kf6 63. Kg4 Bh2 64. Kf3 Ke5 65. Ke3 Bg3
66. Kd2 Kd4 67. Bxb7 Kc5 68. Bc6 Kb4 69. Kc2 Be1 70. Bb5 Kc5 71. Kb2 Bb4 72.
Kc2 Ba5 73. Bc6 Bb4 74. Kb1 Ba5 75. Ka2 Bb4 76. Bb5 Ba5 77. Ka3 Bb4+ 78. Kb2
Ba5 79. Kc2 Bb4 1/2-1/2